| 000 | 01406nam a22003857a 4500 | ||
|---|---|---|---|
| 001 | 0006331 | ||
| 003 | KOHA_MİRAKIL | ||
| 005 | 20260207001520.0 | ||
| 007 | ta | ||
| 008 | 090622b1996 tu |||gr||||#||||0|tur | | ||
| 020 |
_a9751607655 _c0,01 |
||
| 040 |
_aTR-BiSEU _btur _cTR-BiSEU _erda |
||
| 041 | 0 | _atur | |
| 044 | _ctu | ||
| 050 |
_aLC2115 _b.O98 1996 |
||
| 100 | 1 | _aÖztürk, Cemil. | |
| 245 | 1 |
_aAtatürk devri öğretmen yetiştirme politikası/ _cCemil Öztürk ; Cemil Öztürk. |
|
| 264 | 1 |
_aAnkara : _bAtatürk Kültür, Dil ve Tarih Yüksek Kurumu Türk Tarih Kurumu _c1996 |
|
| 300 | _axvi, 274 sayfa: resimli | ||
| 336 |
_ametin _btxt _2rdacontent |
||
| 337 |
_aaracısız _bn _2rdamedia |
||
| 338 |
_acilt _bnc _2rdacarrier |
||
| 490 | 1 |
_aAtatürk Kültür, Dil ve Tarih Yüksek Kurumu Türk Tarih Kurumu yayınları ; _vxvi dizi-sa. |
|
| 490 | 1 | _a77. | |
| 500 | _aKaynakça ve dizin var. | ||
| 650 | 0 |
_aTeachers'institutes--Turkey. _915750 |
|
| 650 | 0 |
_aTeachers colleges--Turkey. _915751 |
|
| 650 | 0 |
_aTeachers--Training of--Turkey. _915752 |
|
| 650 | 0 |
_aÖğretmen enstitüleri--Türkiye. _915753 |
|
| 650 | 0 |
_aÖğretmen okulları--Türkiye. _915754 |
|
| 650 | 0 |
_aÖğretmenler--Eğitim--Türkiye. _915755 |
|
| 830 | 1 |
_aAtatürk Kültür, Dil ve Tarih Yüksek Kurumu Türk Tarih Kurumu yayınları ; _vxvi dizi-sa. _96368 |
|
| 830 | 1 |
_a77. _910878 |
|
| 942 |
_2lcc _cBK |
||
| 999 |
_c6312 _d6312 |
||